000 00503nam a2200181Ia 4500
003 STCL
008 181203s9999 xx 000 0 und d
020 _a9780521368063
040 _aSTCL
_bEN
_cSTCL
082 _222
100 _aKerven, Rosalind
245 0 _aEarth Magic, Sky Magic: North American Indian Stories
246 _aEarth Magic, Sky Magic: North American Indian Tales
260 _bCambridge University Press
_aCambridge
_c1991
300 _a79
546 _aEnglish
942 _2ddc
_cBK
999 _c84060
_d84060